00401nam a2200157Ia 4500003000400000008004100004040001600045082001300061100001700074245005100091260003000142300001000172490002400182650001500206650002200221GCL140319s9999 xx 000 0 eng d aGCL / cGCL04a843bH D1 aHUGO, VICTOR10aLE DERNIER JOUR D'UN CONDAMNE / cHUGO, VICTOR a[S.N] : bFOLIO ، c1995 a445 P aCOLLECTION FOLIOv004aLITERATURE04aFRENCH LITERATURE